000 00639nam a2200229 a 4500
001 BRCA_7352
005 20190320205815.0
008 230213s1944----mx-#######---#000-0#spa-#
041 _aspa
044 _amx
050 4 _aHB72
_b.B63 1944
100 1 _aBodin, Charles
_918173
245 1 0 _aLa doctrina social de la Iglesia y la ciencia económica
_cCharles Bodin ; tr. de Luis de Garay.
260 _aMéxico
_bJus
_c1944
300 _a179 p.
440 0 _aPensamiento católico moderno
_918174
500 _aEjemplar numerado 18 de 250
500 _aQ13
700 1 _aGaray, Luis de
_etr.
_918175
902 _aGFM
942 _2lcc
_cB
999 _c7028
_d7028